[Event "IECG CN.2002.0.00282 email"]
[Site "IECG email"]
[Date "2002.02.13"]
[Round "?"]
[White "Assis, William"]
[Black "Wood, Brian B"]
[Result "0-1"]
[WhiteElo "800"]
[BlackElo "890"]
[PlyCount "50"]
[EventDate "2002.02.13"]
[EventType "tourn (corr)"]
[EventRounds "6"]
[SourceTitle "Corr 2008"]
[Source "ChessBase"]
[SourceDate "2008.06.24"]
[SourceVersion "1"]
[SourceVersionDate "2008.06.24"]
[SourceQuality "1"]

1. e4 c5 2. Nf3 e6 3. d4 cxd4 4. Nxd4 Nc6 5. Nc3 a6 6. Be2 d5 7. exd5 exd5 8. 0-0 Bb4 9. Qd3 Nge7 10. a3 Bxc3 11. Qxc3 Nxd4 12. Qxd4 0-0 13. Rd1 Bf5 14. Rd2 Rc8 15. c3 Re8 16. Bd1 Nc6 17. Qxg7+ Kxg7 18. h3 Re1+ 19. Kh2 Qd6+ 20. g3 Ne5 21. Rd4 Be4 22. f3 Bxf3 23. Bxf3 Nxf3+ 24. Kg2 Nxd4 25. Bf4 Qe6 0-1

[Event "IECG CN.2002.0.00282 email"]
[Site "IECG email"]
[Date "2002.02.13"]
[Round "?"]
[White "Lepercq, Pierre"]
[Black "Assis, William"]
[Result "1-0"]
[WhiteElo "926"]
[BlackElo "800"]
[PlyCount "75"]
[EventDate "2002.02.13"]
[EventType "tourn (corr)"]
[EventRounds "6"]
[SourceTitle "Corr 2008"]
[Source "ChessBase"]
[SourceDate "2008.06.24"]
[SourceVersion "1"]
[SourceVersionDate "2008.06.24"]
[SourceQuality "1"]

1. Nf3 d5 2. d4 Nf6 3. c4 Bf5 4. Nc3 Nc6 5. Qa4 Bd7 6. cxd5 Nb8 7. Qb3 c6 8. Qxb7 Na6 9. dxc6 Rb8 10. cxd7+ Nxd7 11. Qxa6 e6 12. Qxa7 Bb4 13. Bd2 Nb6 14. e3 0-0 15. Bd3 Re8 16. 0-0 Re7 17. Qa6 Ra8 18. Qb5 Bxc3 19. Bxc3 Nd5 20. Qb3 Rb8 21. Qc2 f5 22. e4 Nf4 23. exf5 exf5 24. Bxf5 g6 25. Be4 Qc8 26. Ne5 Rb6 27. Qd2 Rf6 28. Bb4 Re8 29. Rfc1 Qa6 30. Rc2 Ne6 31. Rc4 Nd8 32. Qc2 Nf7 33. Bd5 Kg7 34. Rc7 Qb6 35. Bxf7 Rd8 36. Bxg6+ Kg8 37. Qc4+ Kh8 38. Rxh7# 1-0

[Event "IECG CN.2002.0.00282 email"]
[Site "IECG email"]
[Date "2002.02.13"]
[Round "?"]
[White "Lundqvist, Tomas"]
[Black "Assis, William"]
[Result "1-0"]
[WhiteElo "800"]
[BlackElo "800"]
[PlyCount "51"]
[EventDate "2002.02.13"]
[EventType "tourn (corr)"]
[EventRounds "6"]
[SourceTitle "Corr 2008"]
[Source "ChessBase"]
[SourceDate "2008.06.24"]
[SourceVersion "1"]
[SourceVersionDate "2008.06.24"]
[SourceQuality "1"]

1. e4 c5 2. Nf3 Nc6 3. Nc3 Nf6 4. d4 cxd4 5. Nxd4 e6 6. Be3 g6 7. a3 Bg7 8. Be2 0-0 9. Nxc6 bxc6 10. Bc5 Re8 11. Bd6 Qb6 12. 0-0 Qxb2 13. Na4 Qb7 14. Rb1 Qxb1 15. Qxb1 Nxe4 16. Qb4 f5 17. Rd1 Nxd6 18. Qxd6 Bf8 19. Qd3 d5 20. Ra1 Bb7 21. Rb1 Rab8 22. Qe3 e5 23. Qxa7 Bxa3 24. Rxb7 Ra8 25. Rg7+ Kf8 26. Qf7# 1-0

[Event "IECG CN.2001.0.00262"]
[Site "IECG email"]
[Date "2001.09.23"]
[Round "?"]
[White "Assis, William"]
[Black "Rosenberger, Jerome"]
[Result "0-1"]
[WhiteElo "800"]
[BlackElo "675"]
[PlyCount "44"]
[EventDate "2001.09.23"]
[EventType "tourn (corr)"]
[EventRounds "6"]
[SourceTitle "Corr 2008"]
[Source "ChessBase"]
[SourceDate "2008.06.24"]
[SourceVersion "1"]
[SourceVersionDate "2008.06.24"]
[SourceQuality "1"]

1. e4 c5 2. Nf3 Nc6 3. d4 cxd4 4. Nxd4 Nf6 5. Nc3 d6 6. Be2 g6 7. Be3 Bg7 8. 0-0 0-0 9. Nb3 Be6 10. f4 Qd7 11. Bd3 Ng4 12. Qd2 Nxe3 13. Qxe3 Bxb3 14. axb3 Bd4 15. Qxd4 Nxd4 16. Ra4 Ne6 17. f5 Nc5 18. Bb5 Qd8 19. b4 Nxa4 20. Nxa4 d5 21. Nc5 Qb6 22. c4 dxc4 0-1

[Event "IECG CN.2001.0.00262"]
[Site "IECG email"]
[Date "2001.09.23"]
[Round "?"]
[White "Assis, William"]
[Black "Tranquillo, Massimo"]
[Result "0-1"]
[WhiteElo "800"]
[BlackElo "800"]
[PlyCount "138"]
[EventDate "2001.09.23"]
[EventType "tourn (corr)"]
[EventRounds "6"]
[SourceTitle "Corr 2008"]
[Source "ChessBase"]
[SourceDate "2008.06.24"]
[SourceVersion "1"]
[SourceVersionDate "2008.06.24"]
[SourceQuality "1"]

1. e4 Nc6 2. Nf3 f5 3. e5 d6 4. d4 dxe5 5. d5 Nd4 6. c4 Nxf3+ 7. Qxf3 Qd6 8. Nc3 Nf6 9. Be2 e6 10. Nb5 Qb6 11. 0-0 a6 12. Be3 Bc5 13. Bxc5 Qxc5 14. Qe3 Qxe3 15. Nxc7+ Kd8 16. Nxe6+ Bxe6 17. fxe3 Bf7 18. Rxf5 Re8 19. Rg5 Bg6 20. Bf3 e4 21. Bd1 b5 22. b3 Rc8 23. Be2 Nd7 24. h4 Re5 25. Rxe5 Nxe5 26. h5 Be8 27. Rf1 bxc4 28. bxc4 Nxc4 29. Rf4 Nd2 30. Bxa6 Ra8 31. Bb7 Rxa2 32. Rf8 Nc4 33. Bc6 Nd6 34. Rh8 h6 35. Bxe8 Nxe8 36. Kh2 Ra3 37. Kg3 Rxe3+ 38. Kf4 Re2 39. g4 Kd7 40. Rg8 Ke7 41. d6+ Nxd6 42. Rxg7+ Kf6 43. Rg6+ Ke7 44. Rxh6 Re1 45. Rh7+ Ke6 46. h6 e3 47. Kf3 Nf7 48. Rg7 Kf6 49. Rg8 Nxh6 50. g5+ Kf7 51. Ra8 Nf5 52. Ra4 Rg1 53. Rf4 Rxg5 54. Rxf5+ Rxf5+ 55. Kxe3 Ke6 56. Ke4 Ra5 57. Kd4 Kd6 58. Ke4 Re5+ 59. Kd4 Rc5 60. Ke4 Rd5 61. Kf4 Re5 62. Kf3 Kd5 63. Kf4 Kd4 64. Kf3 Re4 65. Kf2 Re3 66. Kg2 Ke4 67. Kf2 Kf4 68. Kg2 Re2+ 69. Kh3 Rf2 0-1

[Event "IECG CN.2001.0.00262"]
[Site "IECG email"]
[Date "2001.09.23"]
[Round "?"]
[White "Leon, Orestes"]
[Black "Assis, William"]
[Result "1-0"]
[WhiteElo "800"]
[BlackElo "800"]
[PlyCount "43"]
[EventDate "2001.09.23"]
[EventType "tourn (corr)"]
[EventRounds "6"]
[SourceTitle "Corr 2008"]
[Source "ChessBase"]
[SourceDate "2008.06.24"]
[SourceVersion "1"]
[SourceVersionDate "2008.06.24"]
[SourceQuality "1"]

1. e4 e5 2. Nf3 Nc6 3. Bc4 Nf6 4. 0-0 Nxe4 5. Bd5 Nf6 6. Bxc6 bxc6 7. Nxe5 d5 8. Re1 Be7 9. Nxc6 Ng8 10. Nxd8 Kxd8 11. Qe2 a6 12. Qe5 c6 13. Qxg7 Bf6 14. Qxf7 Bd7 15. Qf8+ Kc7 16. Qxa8 Ne7 17. Qxa6 Rg8 18. d3 Bh3 19. Bf4+ Kd8 20. Qa8+ Kd7 21. Rxe7+ Kxe7 22. Qxg8 1-0

[Event "IECG CN.2001.0.00262"]
[Site "IECG email"]
[Date "2001.09.23"]
[Round "?"]
[White "Venturas, Bob"]
[Black "Assis, William"]
[Result "1-0"]
[WhiteElo "531"]
[BlackElo "800"]
[PlyCount "95"]
[EventDate "2001.09.23"]
[EventType "tourn (corr)"]
[EventRounds "6"]
[SourceTitle "Corr 2008"]
[Source "ChessBase"]
[SourceDate "2008.06.24"]
[SourceVersion "1"]
[SourceVersionDate "2008.06.24"]
[SourceQuality "1"]

1. e4 e5 2. Nf3 Nc6 3. Bb5 a6 4. Bxc6 dxc6 5. a3 Bg4 6. h3 Bh5 7. g4 Bg6 8. d3 Bd6 9. Nc3 Nf6 10. Nh4 b5 11. Nxg6 hxg6 12. Bg5 Qd7 13. Qf3 Qe6 14. Kd2 0-0-0 15. Qe3 Rde8 16. Qa7 Kd7 17. Qe3 Nh7 18. Bh4 g5 19. Bxg5 f6 20. Bh4 g5 21. Bg3 Ra8 22. f3 b4 23. axb4 Bxb4 24. h4 a5 25. h5 Qd6 26. Be1 c5 27. Ke2 Bxc3 28. Bxc3 Qb6 29. Qd2 Nf8 30. Ra4 Ne6 31. Rha1 Nf4+ 32. Kf1 Ke7 33. Rxa5 Rxa5 34. Rxa5 Rd8 35. b4 c4 36. Qh2 cxd3 37. h6 dxc2 38. Qxc2 Nh3 39. Rc5 Qa6+ 40. b5 Qa7 41. Bb4 Qa1+ 42. Kg2 Nf4+ 43. Kh2 Kf7 44. Rxc7+ Kg8 45. Be7 Rd3 46. Qc4+ Kh7 47. Qf7+ Kh8 48. Rc8+ 1-0